Instructional computing fundamentals for IBM microcomputers / (Record no. 64381)
[ view plain ]
| 000 -LEADER | |
|---|---|
| fixed length control field | 01100nam a2200301 a 4500 |
| 001 - CONTROL NUMBER | |
| control field | 64381 |
| 003 - CONTROL NUMBER IDENTIFIER | |
| rucl marc code | BD-RjUL |
| 005 - DATE AND TIME OF LATEST TRANSACTION | |
| control field | 20211209081312.0 |
| 008 - FIXED-LENGTH DATA ELEMENTS--GENERAL INFORMATION | |
| fixed length control field | 840330s1985 caua 001 0 eng |
| 020 ## - INTERNATIONAL STANDARD BOOK NUMBER | |
| International Standard Book Number | 0534033644 : |
| Terms of availability | $17.95 |
| 035 ## - SYSTEM CONTROL NUMBER | |
| System control number | (BD-RjUL)64511 |
| 040 ## - CATALOGING SOURCE | |
| Original cataloging agency | DLC |
| Transcribing agency | DLC |
| Modifying agency | DLC |
| -- | BD-RjUL |
| Language of cataloging | eng |
| 041 ## - LANGUAGE CODE | |
| Language code of text/sound track or separate title | eng |
| 082 00 - DEWEY DECIMAL CLASSIFICATION NUMBER | |
| Edition number | 23 |
| Classification number | 371.39445 |
| Author mark and year | CUI 1985 |
| 100 1# - MAIN ENTRY--PERSONAL NAME | |
| Personal name | Culp, George H. |
| 9 (RLIN) | 191066 |
| 245 10 - TITLE STATEMENT | |
| Title | Instructional computing fundamentals for IBM microcomputers / |
| Statement of responsibility, etc. | George H. Culp, Herbert L. Nickles. |
| 260 ## - PUBLICATION, DISTRIBUTION, ETC. (IMPRINT) | |
| Place of publication, distribution, etc. | Monterey, Calif. : |
| Name of publisher, distributor, etc. | Brooks/Cole Pub. Co., |
| Date of publication, distribution, etc. | c1985. |
| 300 1# - PHYSICAL DESCRIPTION | |
| Pagination | xvii, 279 p. : |
| Illustrations | ill. ; |
| Size | 24 cm. |
| 490 ## - SERIES STATEMENT | |
| Series statement | Brooks/Cole series in computer education |
| 500 ## - GENERAL NOTE | |
| General note | Includes index. |
| 650 #0 - SUBJECT ADDED ENTRY--TOPICAL TERM | |
| Topical term or geographic name as entry element | Computer-assisted instruction |
| General subdivision | Programming. |
| 9 (RLIN) | 191067 |
| Topical term or geographic name as entry element | IBM microcomputers |
| General subdivision | Programming. |
| 9 (RLIN) | 191068 |
| Topical term or geographic name as entry element | BASIC (Computer program language) |
| 9 (RLIN) | 177088 |
| 700 1# - ADDED ENTRY--PERSONAL NAME | |
| Personal name | Nickles, Herbert. |
| 830 ## - SERIES ADDED ENTRY--UNIFORM TITLE | |
| Uniform title | Brooks/Cole series in computer education |
| 942 ## - ADDED ENTRY ELEMENTS (KOHA) | |
| Source of classification or shelving scheme | Dewey Decimal Classification |
| Koha item type | Books |
| Lost status | Source of classification or shelving scheme | Damaged status | Not for loan | Collection code | Permanent Location | Current Location | Shelving location | Date acquired | Source of acquisition | Total Checkouts | Full call number | Date last seen | Copy number | Koha item type |
|---|---|---|---|---|---|---|---|---|---|---|---|---|---|---|
| Dewey Decimal Classification | Non-fiction | Central Library, University of Rajshahi | Central Library, University of Rajshahi | 14/03/1989 | The Asia Foundation | 371.39445 CUI 1985 | 14/02/2017 | C-1 | Books |